The rule of law in Central America : (Record no. 14316)
[ view plain ]
| 000 -LEADER | |
|---|---|
| fixed length control field | 01308cam a2200301 a 4500 |
| 001 - CONTROL NUMBER | |
| control field | 16873064 |
| 005 - DATE AND TIME OF LATEST TRANSACTION | |
| control field | 20170105102852.0 |
| 008 - FIXED-LENGTH DATA ELEMENTS--GENERAL INFORMATION | |
| fixed length control field | 110715s2012 nyua b 001 0 eng |
| 010 ## - LIBRARY OF CONGRESS CONTROL NUMBER | |
| LC control number | 2011030100 |
| 020 ## - INTERNATIONAL STANDARD BOOK NUMBER | |
| International Standard Book Number | 9781441104113 (hbk.) |
| 020 ## - INTERNATIONAL STANDARD BOOK NUMBER | |
| International Standard Book Number | 1441104119 (hbk.) |
| 040 ## - CATALOGING SOURCE | |
| Original cataloging agency | DLC |
| Transcribing agency | DLC |
| Modifying agency | DLC |
| 042 ## - AUTHENTICATION CODE | |
| Authentication code | pcc |
| 043 ## - GEOGRAPHIC AREA CODE | |
| Geographic area code | nc----- |
| 050 00 - LIBRARY OF CONGRESS CALL NUMBER | |
| Classification number | KG3552 |
| Item number | .M35 2012 |
| 082 00 - DEWEY DECIMAL CLASSIFICATION NUMBER | |
| Classification number | 345.728 |
| Edition number | 23 |
| 100 1# - MAIN ENTRY--PERSONAL NAME | |
| Personal name | Malone, Mary Fran T. |
| 245 14 - TITLE STATEMENT | |
| Title | The rule of law in Central America : |
| Remainder of title | citizens' reactions to crime and punishment / |
| Statement of responsibility, etc. | Mary Fran T. Malone. |
| 260 ## - PUBLICATION, DISTRIBUTION, ETC. | |
| Place of publication, distribution, etc. | New York, NY : |
| Name of publisher, distributor, etc. | Continuum International Pub. Group, |
| Date of publication, distribution, etc. | 2012. |
| 300 ## - PHYSICAL DESCRIPTION | |
| Extent | xv, 209 p. : |
| Other physical details | ill. ; |
| Dimensions | 24 cm. |
| 504 ## - BIBLIOGRAPHY, ETC. NOTE | |
| Bibliography, etc. note | Includes bibliographical references (p. [188]-201) and index. |
| 505 0# - FORMATTED CONTENTS NOTE | |
| Formatted contents note | The rule of law and the challenge of the crime crisis -- National trends in crime and justice -- Public perceptions of crime and justice -- Support for extralegal justice -- Reacting to victimization -- Privatizing security -- Conclusion. |
| 650 #0 - SUBJECT ADDED ENTRY--TOPICAL TERM | |
| Topical term or geographic name entry element | Rule of law |
| Geographic subdivision | Central America. |
| 650 #0 - SUBJECT ADDED ENTRY--TOPICAL TERM | |
| Topical term or geographic name entry element | Criminal justice, Administration of |
| Geographic subdivision | Central America |
| General subdivision | Public opinion. |
| 906 ## - LOCAL DATA ELEMENT F, LDF (RLIN) | |
| a | 7 |
| b | cbc |
| c | orignew |
| d | 1 |
| e | ecip |
| f | 20 |
| g | y-gencatlg |
| 942 ## - ADDED ENTRY ELEMENTS (KOHA) | |
| Source of classification or shelving scheme | |
| Koha item type | Book |
| Withdrawn status | Lost status | Damaged status | Not for loan | Collection code | Permanent Location | Current Location | Shelving location | Date acquired | Total Checkouts | Full call number | Barcode | Date last seen | Price effective from | Koha item type |
|---|---|---|---|---|---|---|---|---|---|---|---|---|---|---|
| Centre for International Peace & Stability (CIPS) | Centre for International Peace & Stability (CIPS) | General Stacks | 08/21/2013 | 345.728 MAL 2012 | CIPS0000379 | 08/21/2013 | 08/21/2013 | Book |
